| 000 | 00345nam a2200109 4500 | ||
|---|---|---|---|
| 008 | 250127b |||||||| |||| 00| 0 eng d | ||
| 022 | _a0970-7158 | ||
| 245 |
_aClinical Ayurveda Practice-The Hand Book _cProf. Dr. P. H. Kulkarni |
||
| 260 |
_aPune _bDeerghayu International _c2016 |
||
| 300 |
_aVol.2016, Issue.306 _c21cm |
||
| 942 |
_2ddc _cSR _mCLI _s1 |
||
| 999 |
_c208780 _d208780 |
||